000 00294nam a2200121Ia 4500
008 190216s9999||||xx |||||||||||||| ||und||
100 _aAlexis Leon & Mathews Leon
245 0 _aEmailin A Nut Shell
260 _bLeon Tech World
300 _a67 p
650 _aComputer Science
942 _cBK
999 _c8623
_d8623